000 00240nam a22000857a 4500
001 1258907
005 20260402104551.0
245 0 0 _aDİVAN ŞİİRİNDEN SEÇMELER
_c100 TEMEL ESER
260 1 _bKONYA BÜYÜKŞEHİR BELEDİYESİ KÜLTÜR YAYINLARI
999 _c1258907
_d1258907